00201nam a2200085Ia 4500008004100000100002200041245002500063260001500088650001200103190216s9999||||xx |||||||||||||| ||und|| aFydor Dostoyevsky 0aCrime And Punishment bRaduga Pub aEnglish